Нормален изглед
MARC изглед
- Мундрова, Славянка Димитрова
Вход 01. Лично име
001 - Контролен номер на записа
- Контролно поле: 364741
003 - Код на организацията, даваща контролен номер
- Контролно поле: BLK
005 - Дата и час на последна промяна на записа
- Контролно поле: 20180422094502.0
008 - Данни с фиксирана дължина – обща информация
- Данни с фиксирана дължина : 180422|| aca||aabn | a|a d
100 ## - ИМЕ НА ЛИЦЕ -ПЪРВИЧНА ИНТЕЛЕКТУАЛНА ОТГОВОРНОСТ
- Лично име: Мундрова, Славянка Димитрова
- Ключова дума за отношение: състав.
- Друга информация: Мундрова-Неделчева, Славянка Димитрова
942 ## - Системна служебна употреба
- Koha auth type: PERSO_NAME